000 00617nam a22001817a 4500
005 20251108163333.0
008 250721s2011 xx 000 0 ara d
082 1 4 _a361.9565/اتج
100 1 _aأبو عرقوب، إبراهيم
_eمحرر
245 1 0 _aاتجاهات التنمية الاجتماعية والبشرية في الأردن /
264 1 _aعمان :
_bمركز دراسات الشرق الأوسط،
_c2011.
300 _a100ص.
490 0 _aشهرية الشرق الاوسط
_v16
650 1 7 _aالتنمية الاجتماعية
650 1 7 _aالاردن
942 _2ddc
_cBK
999 _c147
_d147